Financie poľnohospodárskych podnikov v ČSSR

Saved in:
Bibliographic Details
Main Author: Vlachynský, Karol
Other Authors: Přibyl, V.
Format: Book
Language:Slovak
Published: Bratislava Príroda 1970
Tags: Add Tag
No Tags, Be the first to tag this record!

MARC

LEADER 00000nam a2200000 4500
001 c127563
005 20230116103307.5
041 0 |a slo 
044 |a SK 
245 1 0 |a Financie poľnohospodárskych podnikov v ČSSR  |c K. Vlachynský, V. Přibyl 
264 1 |a Bratislava  |b Príroda  |c 1970 
300 |a 193 s. 
100 1 |a Vlachynský, Karol 
700 1 |a Přibyl, V.